Statistics for Semi prime numbers

Click here to take the quiz!

General Stats

  • This quiz has been taken 28 times
  • The average score is 16 of 25

Answer Stats

Answer% Correct
4
100%
6
93%
6
93%
9
93%
14
87%
14
87%
10
80%
10
80%
22
80%
22
80%
15
67%
15
67%
21
60%
21
60%
33
60%
33
60%
25
47%
35
47%
35
47%
49
40%
55
40%
55
40%
121
33%
77
33%
77
33%

Score Distribution

Percentile by Number Answered

Percent of People with Each Score

Your Score History

You have not taken this quiz